[Event "CUB-ch"]
[Site "?"]
[Date "1982.??.??"]
[Round "6"]
[White "Vera, Reynaldo"]
[Black "Lebredo, Gerardo"]
[Result "0-1"]
[WhiteElo "2430"]
[BlackElo "2345"]

1.c4 c5 2.Nf3 Nf6 3.Nc3 b6 4.d4 cxd4 5.Nxd4 Bb7 6.Bg5 d6 7.Bxf6 gxf6 8.e4 Nc6
9.Be2 Rg8 10.O-O Nxd4 11.Qxd4 Bg7 12.Qe3 Qc7 13.Rac1 Qc5 14.Qd3 Rc8 15.g3 h5
16.Nd5 e6 17.b4 Qc6 18.Bxh5 exd5 19.exd5 Qd7 20.Rfe1+ Kf8 21.Rc2 b5 22.Bf3 bxc4
23.Rxc4 Rxc4 24.Qxc4 f5 25.Bg2 Be5 26.f4 Bf6 27.Qd3 Kg7 28.Bh3 Re8 29.Rxe8 Qxe8
30.Bxf5 Qe1+ 31.Kg2 Qxb4 32.a3 Qb2+ 33.Kh3 Qd4  0-1

[Event "CUB-ch"]
[Site "?"]
[Date "1982.??.??"]
[Round "7"]
[White "Vilela, Jose Luis"]
[Black "Ortega, Lexy"]
[Result "1-0"]
[WhiteElo "2445"]
[BlackElo "2370"]

1.Nf3 c5 2.c4 Nf6 3.Nc3 e6 4.g3 b6 5.Bg2 Bb7 6.d4 cxd4 7.Qxd4 d6 8.O-O Be7
9.e4 O-O 10.b3 Nbd7 11.Qe3 a6 12.Nd4 Re8 13.Bb2 Bf8 14.h3 Rc8 15.Rad1 Qc7
16.Rfe1 Qb8 17.Qe2 Rc7 18.Kh2 Rec8 19.Qd2 Ba8 20.Re2 Rc5 21.Ba3 R5c7 22.Re3 Nc5
23.Bb2 Ncd7 24.Qe1 Ne5 25.Qe2 Ng6 26.h4 Ne5 27.Bh3 h5 28.f3 Re8 29.Nc2 g6
30.Nb4 Bb7 31.Nd3 Bh6 32.Nf4 Rcc8 33.Qf2 b5 34.cxb5 axb5 35.Nxb5 Bxe4 36.Nxd6 Rc2
37.Rd2 Rxd2 38.Qxd2 Nd5 39.Bxe5 Nxf4 40.gxf4 Bxf4+ 41.Bxf4 e5 42.Bg3  1-0

[Event "DEN-ch playoff1"]
[Site "DEN"]
[Date "1982.??.??"]
[Round "2"]
[White "Kristiansen, Jens"]
[Black "Fries Nielsen, Jens Ove"]
[Result "0-1"]
[WhiteElo "2450"]
[BlackElo "2355"]

1.c4 c5 2.Nf3 Nf6 3.Nc3 e6 4.g3 b6 5.Bg2 Bb7 6.O-O Be7 7.Re1 O-O 8.e4 Nc6
9.d4 cxd4 10.Nxd4 Nxd4 11.Qxd4 Rc8 12.b3 Bc5 13.Qd1 e5 14.Nb5 a6 15.Nd6 Rb8
16.Bb2 Ng4 17.Qxg4 Bxd6 18.Rad1 Qe7 19.Rd3 Bc6 20.Red1 Bc5 21.Qh5 Rfe8 22.R3d2 b5
23.cxb5 axb5 24.Qf5 Ra8 25.Ba1 d6 26.Rc2 Qb7 27.Re1 Re6 28.Qg5 h6 29.Qc1 b4
30.Kh1 f5 31.Rxc5 dxc5 32.Qc4 Re8 33.Kg1 Bxe4 34.Bxe4 fxe4 35.Rxe4 Qa6 36.Qc2 Qd6
37.Qe2 Qd5 38.h4 Rd8 39.Bxe5 Qd1+ 40.Kg2 Qxe2 41.Rxe2 Ra8 42.h5 Ra5 43.f4 Rea6
44.Kf3 Rxa2 45.Re3 Rd2 46.g4 c4 47.bxc4 Ra3 48.c5 Rc2 49.Bd4 Rc4 50.Ke4 Rxe3+
51.Kxe3 b3 52.c6 Rxc6 53.g5 Rc2 54.Kd3 Rh2 55.gxh6 gxh6 56.Kc3 b2  0-1

[Event "Eksjo"]
[Site "Eksjo"]
[Date "1982.??.??"]
[Round "2"]
[White "Karlsson, Lars"]
[Black "Schneider, Lars Ake"]
[Result "1-0"]
[WhiteElo "2500"]
[BlackElo "2435"]

1.c4 Nf6 2.Nc3 e6 3.Nf3 c5 4.d4 cxd4 5.Nxd4 Nc6 6.g3 Bc5 7.e3 O-O 8.Bg2 Ne5
9.Qe2 d5 10.cxd5 exd5 11.h3 Re8 12.O-O Bxd4 13.exd4 Nc6 14.Be3 Be6 15.Rfe1 Qd7
16.g4 Ne4 17.Bxe4 dxe4 18.d5 Bxd5 19.Rad1 Nb4 20.Rd4  1-0

[Event "Eksjo"]
[Site "Eksjo"]
[Date "1982.??.??"]
[Round "5"]
[White "Cramling, Dan"]
[Black "Lengyel, Levente"]
[Result "1-0"]
[WhiteElo "2345"]
[BlackElo "2420"]

1.c4 c5 2.Nf3 Nf6 3.Nc3 d5 4.cxd5 Nxd5 5.g3 Nc6 6.Bg2 Nc7 7.O-O e5 8.Ne1 Bd7
9.b3 Be7 10.Nd3 f6 11.f4 exf4 12.Nxf4 O-O 13.e3 b6 14.Bb2 Bd6 15.Ncd5 Qe8
16.Nh5 Ne5 17.Rxf6 Bg4 18.Nxg7 Qd7 19.Qc2 Kxg7 20.Rxd6 Qxd6 21.Nxc7 Qxc7
22.Bxa8 Kh6 23.Qe4 Nf3+ 24.Kh1 Nxh2 25.Be5 Bf3+ 26.Qxf3 Nxf3 27.Bxc7 Rxa8
28.d3 Re8 29.Kg2 Ne5 30.Bxe5 Rxe5 31.Rh1+ Kg6 32.Kf3 Rf5+ 33.Ke2 Rg5 34.Kf3 Rf5+
35.Ke2 Rg5 36.Rg1 Kh5 37.Kf3 Rf5+ 38.Kg2 Rd5 39.Rd1 Kg4 40.d4 h5 41.Rf1 cxd4
42.Rf4+ Kg5 43.exd4 Ra5 44.a4 Rd5 45.Kf3 Rd8 46.Ke4 Re8+ 47.Kd3 Rd8 48.b4 a6
49.Re4 Kf6 50.Re5 Rg8 51.Rxh5 Rxg3+ 52.Kc4 Ke7 53.Rh7+ Kd8 54.Rb7 Ra3 55.Rxb6 Rxa4
56.Kc5 Ra1 57.Rh6 Kc7 58.Rh7+ Kc8 59.Kb6 Ra4 60.Kc6 Kb8 61.d5 Rxb4 62.Rh8+ Ka7
63.d6 Rb6+ 64.Kd5  1-0

[Event "Gausdal Young Men"]
[Site "Gausdal"]
[Date "1982.??.??"]
[Round "1"]
[White "Ostenstad, Berge"]
[Black "Gudmundsson, Elvar"]
[Result "1-0"]
[WhiteElo "2240"]
[BlackElo "2360"]

1.c4 c5 2.Nf3 Nf6 3.Nc3 g6 4.d4 Bg7 5.e4 d6 6.Be2 Nc6 7.d5 Nb8 8.Bf4 b5 9.cxb5 a6
10.O-O O-O 11.a4 axb5 12.axb5 Ra5 13.Nd2 Nfd7 14.Nc4 Rxa1 15.Qxa1 Nb6 16.Qa7 N8d7
17.Na5 f5 18.Nc6 Qe8 19.Bg5 Rf7 20.exf5 Bxc3 21.bxc3 Nxd5 22.Bc4 N7b6 23.Nxe7+ Kh8
24.Bxd5 Nxd5 25.Re1 Nxe7 26.Bxe7 Kg7 27.f6+ Kh6 28.b6 Rxf6 29.b7  1-0

[Event "Gausdal Jubilee"]
[Site "Gausdal"]
[Date "1982.??.??"]
[Round "2"]
[White "Stigar, Petter"]
[Black "Welin, Thomas"]
[Result "0-1"]
[WhiteElo "2230"]
[BlackElo "2330"]

1.Nf3 Nf6 2.c4 c5 3.Nc3 e6 4.g3 b6 5.Bg2 Bb7 6.O-O Be7 7.d4 cxd4 8.Qxd4 d6
9.Rd1 a6 10.b3 Nbd7 11.e4 Qc7 12.Ba3 Nc5 13.e5 dxe5 14.Qxe5 Qc8 15.Na4 Nfd7
16.Qxg7 Bf6 17.Qh6 Bxa1 18.Nxc5 bxc5 19.Rxa1 Qc7 20.Bb2 Rf8 21.Qh4 f6 22.Qh5+ Rf7
23.Re1 e5 24.Bh3 Qc6 25.Bxd7+ Qxd7 26.Nxe5 fxe5 27.Qxe5+ Kd8 28.Qg5+ Kc8
29.Qxc5+ Qc6 30.Qxc6+ Bxc6 31.f4 Kb7 32.Kf2 Rd8 33.Re2 h5 34.Be5 Rd1 35.c5 Bd5
36.Bd6 Kc6 37.Re8 Rd2+ 38.Ke3 Rxa2 39.Rb8 Rb7  0-1

[Event "Gausdal Jubilee"]
[Site "Gausdal"]
[Date "1982.??.??"]
[Round "2"]
[White "Myreng, Svein G"]
[Black "Catalan, Toufeeq"]
[Result "1/2-1/2"]
[WhiteElo "2220"]
[BlackElo "2255"]

1.Nf3 Nf6 2.c4 c5 3.Nc3 d5 4.cxd5 Nxd5 5.g3 g6 6.Bg2 Bg7 7.O-O Nc6 8.Qa4 Nb6
9.Qb5 c4 10.Na4 O-O 11.Nxb6 axb6 12.Qxc4 Be6 13.Qh4 Bxa2 14.d3 e5 15.Bg5 Qd7
16.Be3 Nd4 17.Nxd4 exd4 18.Bd2 Bd5 19.Bb4 Rxa1 20.Rxa1 Re8 21.Bxd5 Qxd5 22.Qf4 h5
23.Re1 Qb3 24.Ba3 Rxe2 25.Rxe2 Qd1+ 26.Kg2 Qxe2 27.Qb8+ Kh7 28.Qxb7 Qxd3
29.Qxf7 Qe4+ 30.Kg1 Qb1+ 31.Kg2 d3 32.Qd7 Qc2 33.Bf8 Qxb2 34.Bxg7 Qxg7 35.Qxd3 Qb7+
36.Kg1 b5 37.Qb3 b4 38.h4 Qe7 39.Kh2 Qd6 40.Qc4 Kg7 41.Qe4 Kf6 42.Kg2 Qb6
43.Qf4+ Ke6 44.Qe4+ Kd7 45.Qd5+ Kc8 46.Qg8+ Kb7 47.Kg1 b3 48.Qd5+ Ka6 49.Qc4+ Ka5
50.Qc3+ Ka4 51.Qa1+ Kb5 52.Qf1+ Kc5 53.Qc1+ Kd5 54.Qd1+ Ke6 55.Qd3 Kf6 56.Qc3+ Kf7
57.Qc4+ Kg7 58.Qe4 Qc7 59.Qb4 Qf7 60.Kf1 Qe6 61.Qc3+ Kf7  1/2-1/2

[Event "Gausdal Int"]
[Site "Gausdal"]
[Date "1982.??.??"]
[Round "2"]
[White "Delaune, Richard K"]
[Black "Bletz, Harald"]
[Result "1-0"]
[WhiteElo "2410"]
[BlackElo "2200"]

1.Nf3 c5 2.c4 Nf6 3.Nc3 g6 4.d4 Bg7 5.e4 cxd4 6.Nxd4 d6 7.Be2 O-O 8.O-O Nc6
9.Be3 Bd7 10.Rc1 Rc8 11.b3 Qa5 12.f3 a6 13.Qe1 Rfe8 14.Nc2 Ne5 15.Bd2 Qb6+
16.Kh1 Bc6 17.Be3 Qd8 18.Qf2 Ned7 19.b4 Ng4 20.fxg4 Bxc3 21.Nd4 Bxd4 22.Qxf7+ Kh8
23.Bxd4+ e5 24.Be3 Rf8 25.Qe6 Rf6 26.Rxf6 Qxf6 27.Qxf6+ Nxf6 28.Bf3 Rf8 29.c5 dxc5
30.Rxc5 Nxe4 31.Rxe5 Nf6 32.h4 Kg8 33.g5 Bxf3 34.gxf3 Nh5 35.Kg2 Ng7 36.Bf2 Rf4
37.a3 Nf5 38.Re4 Rxe4 39.fxe4 Nd6 40.Kf3 Nc4 41.a4 Kf7 42.Bd4 Ke6 43.Ke2 Nd6
44.Kd3 b5 45.a5 Nc4 46.Bh8 Kd6 47.Bg7 Ke6 48.Kd4 Nb2 49.Bf6 Kd6 50.Be5+ Ke6
51.Bf4 Na4 52.Bd2 Nb2 53.Bc3 Nd1 54.Ba1 Nf2 55.Ke3 Ng4+ 56.Kf4 Nf2 57.Bc3 Nh3+
58.Ke3 Ng1 59.Bd4  1-0

[Event "Gausdal Jubilee"]
[Site "Gausdal"]
[Date "1982.??.??"]
[Round "5"]
[White "Ogaard, Leif"]
[Black "Welin, Thomas"]
[Result "1-0"]
[WhiteElo "2485"]
[BlackElo "2330"]

1.c4 Nf6 2.Nc3 c5 3.Nf3 e6 4.e3 b6 5.d4 cxd4 6.exd4 Bb7 7.Bd3 Be7 8.O-O O-O
9.Re1 d5 10.Bg5 Nbd7 11.Qe2 Rc8 12.cxd5 Bxd5 13.Ba6 Rb8 14.Bf4 Ra8 15.Nxd5 Nxd5
16.Bg3 Nc7 17.Bb7 Rb8 18.Bc6 Nf6 19.Rac1 Bd6 20.Ne5 b5 21.Red1 Rb6 22.Bh4 Be7
23.Bxf6 gxf6 24.Be4 f5 25.Nc6 Qd7 26.Nxe7+ Qxe7 27.Bxf5 Nd5 28.Be4 Rd8 29.Qh5 f5
30.Bxd5 Rxd5 31.Rc8+ Rd8 32.Rxd8+ Qxd8 33.Qe2 Qd5 34.Qe3 Rb7 35.Rc1 Rg7 36.g3 Rd7
37.b3 Kf7 38.Qh6 Qxd4 39.Qxh7+ Kf6 40.Qh8+ Kf7 41.Qxd4 Rxd4 42.Rc7+ Kf6 43.Rxa7 e5
44.Ra6+ Kg5 45.Ra5 f4 46.Kg2 Rd3 47.gxf4+  1-0

[Event "Gausdal Jubilee"]
[Site "Gausdal"]
[Date "1982.??.??"]
[Round "6"]
[White "Stean, Michael"]
[Black "Bjerke, Richard"]
[Result "1-0"]
[WhiteElo "2505"]
[BlackElo "2255"]

1.c4 Nf6 2.Nc3 c5 3.Nf3 e6 4.g3 d5 5.cxd5 Nxd5 6.Bg2 Nc6 7.O-O Be7 8.d4 O-O
9.e4 Nb6 10.dxc5 Qxd1 11.Rxd1 Bxc5 12.e5 Nc4 13.Na4 Be7 14.Bf4 f6 15.Re1 N4xe5
16.Bxe5 fxe5 17.Nxe5 Nxe5 18.Rxe5 Bf6 19.Re2 Bd4 20.Nc3 a6 21.Ne4 Bd7 22.Rd2 e5
23.Ng5 Bc6 24.Bxc6 bxc6 25.Ne6 c5 26.Nxf8 Rxf8 27.Rc1 Rf6 28.Rc4 Rb6 29.Kg2 Kf7
30.Kf3 Rf6+ 31.Ke4 Bxf2 32.Kxe5 Bd4+ 33.Kd5 Rf5+ 34.Kd6 Rf6+ 35.Kd7 Bg1 36.Rg2 Be3
37.Re2 Bg1 38.Rce4  1-0

[Event "Gausdal Int"]
[Site "Gausdal"]
[Date "1982.??.??"]
[Round "6"]
[White "Braathen, Jon Erik"]
[Black "Tisdall, Jonathan D"]
[Result "0-1"]
[WhiteElo "2235"]
[BlackElo "2435"]

1.Nf3 Nf6 2.c4 e6 3.Nc3 c5 4.g3 b6 5.Bg2 Bb7 6.O-O Be7 7.d4 cxd4 8.Qxd4 d6
9.Rd1 a6 10.b3 Nbd7 11.Ba3 Nc5 12.b4 Ncd7 13.Rac1 O-O 14.Nd2 Bxg2 15.Kxg2 Qc7
16.Nde4 Qb7 17.f3 b5 18.c5 d5 19.Nxf6+ Bxf6 20.Qf2 Ne5 21.Nb1 Nc4 22.Rc2 a5
23.bxa5 b4 24.Bc1 b3  0-1

[Event "Gausdal Int"]
[Site "Gausdal"]
[Date "1982.??.??"]
[Round "6"]
[White "Olafsson, Helgi"]
[Black "Bergstrom, Christer"]
[Result "1/2-1/2"]
[WhiteElo "2430"]
[BlackElo "2360"]

1.Nf3 c5 2.c4 Nf6 3.Nc3 e6 4.g3 b6 5.Bg2 Bb7 6.O-O Be7 7.d4 cxd4 8.Qxd4 d6
9.Rd1 a6 10.b3 Nbd7 11.e4 Qc7 12.Ba3 Nc5 13.e5 dxe5 14.Qxe5 Qxe5 15.Nxe5 Bxg2
16.Kxg2 Rc8 17.Rd4 Ncd7 18.Bxe7 Kxe7 19.Nxd7 Nxd7 20.Rad1 Rc7 21.f4 Nf6 22.f5 b5
23.fxe6 bxc4 24.Rxc4 Rxc4 25.bxc4 Rc8 26.Nd5+ Nxd5 27.cxd5 fxe6 28.Re1 Rc2+
29.Kf3 Rxa2 30.Rxe6+ Kf7 31.h4 Rd2 32.Rxa6 Rxd5  1/2-1/2

[Event "Gausdal Young Men"]
[Site "Gausdal"]
[Date "1982.??.??"]
[Round "6"]
[White "Cramling, Dan"]
[Black "Svensson, Bengt"]
[Result "1-0"]
[WhiteElo "2375"]
[BlackElo "2330"]

1.c4 Nf6 2.Nc3 c5 3.Nf3 e6 4.e3 Nc6 5.d4 d5 6.cxd5 Nxd5 7.Bd3 cxd4 8.exd4 Be7
9.O-O O-O 10.Re1 Bf6 11.Be4 Nce7 12.Ne5 Nf5 13.Ng4 Nxd4 14.Bxd5 exd5 15.Nxf6+ Qxf6
16.Nxd5 Qh4 17.Bf4 Ne6 18.Bg3 Qd8 19.Qh5 Bd7 20.Rad1 Rc8 21.Nc3 Rc6 22.Qd5 Bc8
23.Qxd8 Nxd8 24.Bd6 Ne6 25.Bxf8 Kxf8 26.Nb5  1-0

[Event "Gausdal Int"]
[Site "Gausdal"]
[Date "1982.??.??"]
[Round "8"]
[White "Delaune, Richard K"]
[Black "Braathen, Jon Erik"]
[Result "1/2-1/2"]
[WhiteElo "2410"]
[BlackElo "2235"]

1.c4 Nf6 2.Nf3 c5 3.Nc3 e6 4.g3 Nc6 5.Bg2 Be7 6.d4 d5 7.O-O O-O 8.cxd5 Nxd5
9.Nxd5 exd5 10.dxc5 Bxc5 11.Bg5 f6 12.Bf4 Be6 13.Ne1 Bb6 14.Nd3 Qe7 15.Bd2 Rad8
16.Re1 Rfe8 17.Nf4 Bf7 18.Rc1 Qd6 19.Qa4 g5 20.Nd3 Bh5 21.e3 Qe6 22.Bc3  1/2-1/2

[Event "Gausdal Int"]
[Site "Gausdal"]
[Date "1982.??.??"]
[Round "8"]
[White "Olafsson, Helgi"]
[Black "Arnason, Jon L"]
[Result "1/2-1/2"]
[WhiteElo "2430"]
[BlackElo "2455"]

1.Nf3 c5 2.c4 Nf6 3.Nc3 d5 4.cxd5 Nxd5 5.d4 e6 6.e4 Nxc3 7.bxc3 cxd4 8.cxd4 Nc6
9.Bc4 b5 10.Be2 Bb4+ 11.Bd2 Qa5 12.Rb1  1/2-1/2

[Event "EU-ch U20"]
[Site "Groningen"]
[Date "1982.??.??"]
[Round "9"]
[White "Condie, Mark L"]
[Black "Greenfeld, Alon"]
[Result "1/2-1/2"]
[WhiteElo "2310"]
[BlackElo "2305"]

1.c4 Nf6 2.Nf3 e6 3.Nc3 c5 4.g3 b6 5.Bg2 Bb7 6.O-O Be7 7.b3 O-O 8.Bb2 a6
9.e3 d6 10.d3 Nbd7 11.Qe2 Qc7 12.Rfd1 Rfe8 13.Ne1 Bxg2 14.Nxg2 Reb8 15.Rf1 b5
16.Rae1 b4 17.Nd1 a5 18.f4 a4 19.g4 axb3 20.axb3 Qa7 21.g5 Ne8 22.Rf2 Qa2
23.Qc2 g6 24.e4 Bf8 25.Nde3 Bg7 26.Rb1 Nc7 27.Qd1 Bxb2 28.Rfxb2 Qa7 29.Rf2 Rf8
30.Ng4 f5 31.gxf6 Nxf6 32.N2e3 Nce8 33.Qe2 Qg7 34.Nxf6+ Qxf6 35.f5 gxf5 36.exf5 Ra1
37.Rxa1 Qxa1+ 38.Rf1 Qg7+ 39.Kh1 Qb7+ 40.Qg2+ Qxg2+ 41.Kxg2 Ng7 42.fxe6 Rxf1
43.Kxf1 Nxe6 44.Nf5 Nf4 45.d4 d5 46.Ke1 Kf7 47.dxc5 Nd3+ 48.Kd2 Nxc5 49.Kc2  1/2-1/2

[Event "EU-ch U20"]
[Site "Groningen"]
[Date "1982.??.??"]
[Round "11"]
[White "Greenfeld, Alon"]
[Black "Gudmundsson, Elvar"]
[Result "1-0"]
[WhiteElo "2305"]
[BlackElo "2320"]

1.Nf3 c5 2.c4 Nf6 3.Nc3 b6 4.g3 Bb7 5.Bg2 g6 6.d4 cxd4 7.Qxd4 Bg7 8.O-O Nc6
9.Qh4 h6 10.Nd4 Rc8 11.Rd1 g5 12.Nxc6 Bxc6 13.Qd4 Bxg2 14.Kxg2 Qc7 15.b3 Qc6+
16.f3 Nh5 17.Qe3 Qe6 18.Qxe6 fxe6 19.Bd2 d5 20.cxd5 exd5 21.Rac1 e6 22.e4 d4
23.Nb5 Kd7 24.g4 Nf4+ 25.Bxf4 gxf4 26.a4 Rhd8 27.Rxc8 Kxc8 28.Nxa7+ Kb7 29.Nb5 d3
30.Na3 Bf8 31.Nc4 Bc5 32.Kf1 Be3 33.Nb2 d2 34.Ke2 h5 35.g5 h4 36.Nc4 Bc5
37.Rxd2 Rg8 38.Rd7+ Kc8 39.Rh7 Rxg5 40.Rxh4 e5 41.Rg4 Rh5 42.h4 Kb7 43.Kf1  1-0

[Event "Halle-Buna"]
[Site "Halle"]
[Date "1982.??.??"]
[Round "5"]
[White "Espig, Lutz"]
[Black "Boensch, Uwe"]
[Result "1/2-1/2"]
[WhiteElo "2425"]
[BlackElo "2450"]

1.Nf3 Nf6 2.c4 c5 3.Nc3 e6 4.g3 b6 5.Bg2 Bb7 6.O-O Be7 7.d4 cxd4 8.Qxd4 d6
9.b3 a6 10.Ba3 Nc6 11.Qd2 d5 12.Bxe7 Nxe7 13.cxd5 Nexd5 14.Nxd5 Nxd5  1/2-1/2

[Event "Halle-Buna"]
[Site "Halle"]
[Date "1982.??.??"]
[Round "7"]
[White "Espig, Lutz"]
[Black "Gross, Stefan"]
[Result "1-0"]
[WhiteElo "2425"]
[BlackElo "2405"]

1.Nf3 c5 2.c4 Nf6 3.Nc3 e6 4.g3 Be7 5.Bg2 O-O 6.O-O d6 7.d4 cxd4 8.Nxd4 a6
9.b3 Qc7 10.Bb2 Rd8 11.Rc1 Nbd7 12.Qd2 Nf8 13.Rfd1 Bd7 14.h3 Rab8 15.e4 Kh8
16.Qe3 Qa5 17.a3 Qh5 18.g4 Qc5 19.b4 Qb6 20.g5 Ne8 21.Qg3 Rdc8 22.Bf1 a5
23.b5 Ng6 24.Nf3 Qd8 25.h4 e5 26.Nd5 Nc7 27.h5 Nxd5 28.hxg6 Nf4 29.gxf7 Ng6
30.c5 Qf8 31.cxd6 Bxd6 32.Nxe5 Bxe5 33.Bxe5 Nxe5 34.Qxe5 Qxf7 35.Rxc8+ Rxc8
36.Qd5 Be6 37.Qd8+ Qg8 38.Qxa5 Qf8 39.Qb6 Qe7 40.Bg2 Bg4 41.f3 Bxf3 42.Bxf3 Qxg5+
43.Bg2 h6 44.a4 Rc1 45.Qd6 Qe3+ 46.Kh2 Rxd1 47.Qxd1 Qf4+ 48.Kg1 Qe3+ 49.Kh1 b6
50.Qf3 Qe1+ 51.Kh2  1-0

[Event "Hamar op"]
[Site "Hamar"]
[Date "1982.??.??"]
[Round "1"]
[White "Thorsteinsson, Thorsteinn"]
[Black "Heggheim, Bjorn"]
[Result "1/2-1/2"]
[WhiteElo "2200"]
[BlackElo "2200"]

1.c4 c5 2.Nc3 Nf6 3.Nf3 b6 4.g3 Bb7 5.Bg2 e6 6.O-O Be7 7.b3 d6 8.d4 cxd4
9.Nxd4 Bxg2 10.Kxg2 a6 11.Bb2 Qc7 12.f3 O-O 13.e4 Nbd7 14.Qd2 Rac8 15.Rac1 Qb7
16.Rfd1 Rfe8 17.a4 Bf8 18.Ba3 Nc5 19.Qa2 h5 20.Nc2 g5 21.Bxc5 Rxc5 22.Ne1 g4
23.Qe2 gxf3+ 24.Qxf3 Nh7 25.e5 Qxf3+ 26.Nxf3 Bh6 27.Ne4 Bxc1 28.Nxc5 dxc5
29.Rxc1 Rd8 30.a5 Rd3 31.Rb1 bxa5 32.Ra1 Rxb3 33.Rxa5 Rb2+ 34.Kg1 Rc2 35.Rxc5 a5
36.Rxa5  1/2-1/2

[Event "Havana"]
[Site "Havana"]
[Date "1982.??.??"]
[Round "4"]
[White "Mikhalchishin, Adrian"]
[Black "Garcia Martinez, Silvino"]
[Result "1-0"]
[WhiteElo "2530"]
[BlackElo "2425"]

1.Nf3 Nf6 2.c4 e6 3.Nc3 c5 4.d4 cxd4 5.Nxd4 Nc6 6.g3 Qb6 7.Nb3 Ne5 8.e4 Bb4
9.Qe2 O-O 10.f4 Nc6 11.Be3 Qc7 12.Bg2 b6 13.e5 Ne8 14.Bd2 Bxc3 15.Bxc3 Ba6
16.Nd2 Rc8 17.O-O d5 18.b3 Qe7 19.f5 exf5 20.Rxf5 dxc4 21.Ne4 Rd8 22.Qh5 Nd4
23.Rf4 g6 24.Qh6 Qxe5 25.Ng5 Qh8 26.Bxd4 Rxd4 27.Ne6 Ng7 28.Nxd4 Nf5 29.Nxf5 Qxa1+
30.Rf1 Qe5 31.Qg5 Qc5+ 32.Kh1 cxb3 33.Ne7+ Kg7 34.Qf6+ Kh6 35.Nf5+  1-0

[Event "Havana"]
[Site "Havana"]
[Date "1982.??.??"]
[Round "11"]
[White "Nogueiras, Jesus"]
[Black "Garcia Gonzales, Guillermo"]
[Result "1/2-1/2"]
[WhiteElo "2495"]
[BlackElo "2485"]

1.c4 c5 2.Nf3 Nf6 3.Nc3 b6 4.e3 g6 5.d4 Bg7 6.Be2 O-O 7.O-O d6 8.d5 e6 9.e4 exd5
10.exd5 Re8 11.Bf4 Ne4 12.Nxe4 Rxe4 13.Bg5 Bf6 14.Bd3 Re8 15.Qd2 Nd7 16.Bf4 Ne5
17.Nxe5 Bxe5 18.Rae1 Bxf4 19.Qxf4 Rxe1 20.Rxe1 Kg7 21.g4 h6 22.Qg3 Qf6 23.h4  1/2-1/2

[Event "Hong Kong zt qual"]
[Site "Hong Kong"]
[Date "1982.??.??"]
[Round "?"]
[White "Mascarinas, Rico"]
[Black "Rodriguez, Ruben"]
[Result "1/2-1/2"]
[WhiteElo "2395"]
[BlackElo "2405"]

1.Nf3 c5 2.c4 Nf6 3.Nc3 e6 4.e3 Nc6 5.a3 d5 6.cxd5 Nxd5 7.d4 cxd4 8.exd4 Be7
9.Bd3 O-O 10.O-O Nxc3 11.bxc3 b6 12.Qe2 Bb7 13.Rd1 Rc8 14.Bb2 Na5 15.Ne5 Qd5
16.f3 Rc7 17.Kh1 Qd8 18.c4 Bg5 19.Bc3 Bf4 20.Rab1 Qh4 21.h3 Nc6 22.Ng4 Rd8
23.Be1 Bg3 24.d5 exd5 25.cxd5 Ne7 26.d6 Rxd6 27.Bxh7+ Qxh7 28.Bxg3 Rxd1+
29.Rxd1 Qc2 30.Qe1 Rc8 31.Rd2 Qc1 32.Rd1 Qxa3 33.Bd6 Qb3 34.Bxe7 Bxf3 35.Rd8+ Rxd8
36.Bxd8 Bxg2+ 37.Kxg2 Qd5+ 38.Kg3 Qxd8 39.Qa1 Qd3+ 40.Kg2 Qc2+ 41.Kg3 Qd3+
42.Kg2 Qc2+ 43.Kg3 Qc7+ 44.Kf3 b5 45.Qd4 a5 46.Qd5 Qc3+ 47.Kg2 Qc2+ 48.Kg3 Qc3+
49.Kg2 Qb2+ 50.Kf3 a4 51.Qa8+ Kh7 52.Qe4+ g6 53.Qf4 Qb3+ 54.Kg2 Qb2+ 55.Kg3 Kg7
56.h4 Qc3+ 57.Kh2 Qc2+ 58.Kg3 Qc3+ 59.Kh2 Qb2+ 60.Kg3 Qb3+ 61.Kh2 Qe6 62.Kg3 Qe1+
63.Kh3 Qh1+ 64.Kg3 Qe1+ 65.Kh3 Qe6 66.Kg3 Kh7 67.Qd4 Qe1+ 68.Kg2 Qe2+ 69.Kg3 Qe1+
70.Kg2 Qe2+ 71.Kg3 Qc4 72.Nf6+ Kh6 73.Ng4+ Kh7 74.Nf6+ Kh6  1/2-1/2

[Event "Jarvenpaa"]
[Site "Jarvenpaa"]
[Date "1982.??.??"]
[Round "3"]
[White "Maki, Veijo"]
[Black "Raaste, Eero J"]
[Result "1-0"]
[WhiteElo "2315"]
[BlackElo "2400"]

1.c4 Nf6 2.Nf3 e6 3.Nc3 c5 4.g3 b6 5.Bg2 Bb7 6.O-O a6 7.b3 Be7 8.Bb2 O-O
9.e3 d5 10.Re1 dxc4 11.bxc4 Nc6 12.Qe2 Rc8 13.d3 Qc7 14.Rab1 Rfd8 15.Ba1 Nd7
16.Ne4 Bf8 17.Red1 Na5 18.Nfg5 h6 19.Qh5 g6 20.Qf3 f5 21.Nxe6 Qb8 22.Qe2 fxe4
23.Qb2 Qd6 24.Qh8+ Kf7 25.Qh7+ Ke8 26.Qxg6+ Ke7 27.Bh3 Ne5 28.Bxe5 Qxe5 29.Qh7+ Bg7
30.Nxg7 Rh8 31.Nf5+ Kf8 32.Qg6 Rc6 33.Qh5 Rf6 34.dxe4  1-0

[Event "NOR-ch"]
[Site "Lillehammer"]
[Date "1982.??.??"]
[Round "3"]
[White "Tiller, Bjorn"]
[Black "Bjerke, Richard"]
[Result "0-1"]
[WhiteElo "2420"]
[BlackElo "2255"]

1.c4 Nf6 2.Nc3 c5 3.Nf3 e6 4.g3 d5 5.cxd5 Nxd5 6.Bg2 Nc6 7.O-O Be7 8.d4 O-O
9.e4 Nb6 10.d5 exd5 11.exd5 Nb4 12.Ne1 Bf6 13.Be3 Bxc3 14.bxc3 N4xd5 15.Bxc5 Re8
16.Qd4 Be6 17.Nd3 Rc8 18.Rfc1 Rc7 19.Rab1 Bf5 20.Bxd5 Nxd5 21.Nb4 Rd7 22.Rb2 Nxb4
23.Qxb4 Rd1+ 24.Rxd1 Qxd1+ 25.Kg2 Be4+ 26.f3 Qxf3+ 27.Kg1 Bd3  0-1

[Event "Lloyds Bank op"]
[Site "London"]
[Date "1982.??.??"]
[Round "5"]
[White "Ftacnik, Lubomir"]
[Black "Johansson, Per"]
[Result "1-0"]
[WhiteElo "2535"]
[BlackElo "2200"]

1.Nf3 Nf6 2.c4 c5 3.Nc3 e6 4.g3 Nc6 5.Bg2 d5 6.cxd5 Nxd5 7.O-O Be7 8.d4 O-O
9.e4 Nb6 10.d5 exd5 11.exd5 Na5 12.b3 Bf6 13.Bd2 Bf5 14.Rc1 Nd7 15.Re1 a6
16.Ne4 Bxe4 17.Rxe4 b5 18.Bf4 Qb6 19.Be3 Qd6 20.Bh3 Rfd8 21.Bxd7 Rxd7 22.Bxc5 Qxd5
23.Qe1 h6 24.Bd4 Re7 25.Rxe7 Bxe7 26.Qxe7 Qxf3 27.Qe5 f6 28.Qe6+ Kh7 29.Bb6 Nb7
30.Qd7 Rg8 31.Re1 Qc3 32.Re7 Na5 33.Qf5+ Kh8 34.Rc7 Nc6 35.Be3 Qa1+ 36.Kg2 Qe5
37.Qxe5 Nxe5 38.Ra7 Ng4 39.Bb6 Rc8 40.Rxa6 Rc6 41.Ra8+ Kh7 42.Bd4 Kg6 43.Rb8 Rc2
44.h3 Rd2 45.hxg4 Rxd4 46.Rxb5 Rxg4 47.a4 Rd4 48.a5 f5 49.a6  1-0

[Event "Lloyds Bank op"]
[Site "London"]
[Date "1982.??.??"]
[Round "9"]
[White "Zlotnikov, Mikhail"]
[Black "Wells, Peter K"]
[Result "1/2-1/2"]
[WhiteElo "2355"]
[BlackElo "2305"]

1.c4 Nf6 2.Nc3 c5 3.Nf3 e6 4.g3 b6 5.Bg2 Bb7 6.O-O Be7 7.Re1 Ne4 8.Nxe4 Bxe4
9.d3 Bb7 10.e4 Nc6 11.d4 cxd4 12.Nxd4 Nxd4 13.Qxd4 O-O 14.Bf4 d6 15.Qd2 Qc7
16.Rac1 Rfd8 17.h4 Rac8 18.b3 Bc6 19.Qe2 Qb7 20.Kh2 a6 21.Bd2 b5 22.cxb5 axb5
23.Bc3 d5 24.exd5 Bxd5 25.Bxd5 Rxd5 26.Be5 Bf8 27.Bf4 Rdc5 28.Rxc5 Rxc5 29.Rd1 Qc8
30.Be3 Re5 31.Qb2 Rf5 32.Rc1 Qd7 33.Qc2 h5 34.a4 bxa4 35.bxa4 g6 36.Ra1 Bg7
37.Ra2 Qb7 38.a5 Qa6 39.Bb6 Kh7 40.Qe2 Qb7 41.a6 Qxb6 42.a7 Ra5 43.a8=Q Rxa8
44.Rxa8 Qb7 45.Ra3 Bf6 46.Qf3 Qxf3 47.Rxf3 Kg7 48.Rd3 Be7 49.Kg2 Bc5 50.Rd7 Kf8
51.Kf3 Bb6 52.Ke2 Bc5 53.f3 Ke8 54.Rb7 Bd6 55.Kf2 Kf8 56.g4 Bc5+ 57.Kg2 Be7
58.Kh3 hxg4+ 59.fxg4 Bd6 60.h5 gxh5 61.gxh5 Bf4 62.Rb4 Bh6 63.Rg4 Bd2 64.Rg2 Bh6
65.Kg4 Be3 66.Kf3 Bh6 67.Ke4 Bg7 68.Kf4 Bh6+ 69.Ke5 Bg7+ 70.Kd6 Bh6 71.Rg4 Bg7
72.Kd7 Bh6 73.Rc4 Bg5 74.Rg4 Bh6 75.Kd6 Bg7 76.Rh4 Bh6 77.Rh3 Bf4+ 78.Kd7 Bh6
79.Rh1 Kg7 80.Ke8 f6 81.Ke7 e5 82.Ke6 e4 83.Kf5 e3 84.Re1 Bg5 85.Re2 Kh6
86.Rh2 Kg7 87.Ra2 Kh6 88.Kg4 Kg7 89.Ra6 Kh6 90.Re6 Kg7 91.Kf5 Kh6 92.Rxe3  1/2-1/2

[Event "Luzern ol (Men)"]
[Site "Luzern"]
[Date "1982.??.??"]
[Round "2"]
[White "Karkanaque, Ilir"]
[Black "Hjartarson, Johann"]
[Result "1-0"]
[WhiteElo "2250"]
[BlackElo "2400"]

1.Nf3 Nf6 2.c4 c5 3.Nc3 d5 4.cxd5 Nxd5 5.g3 Nc6 6.Bg2 Nc7 7.d3 e5 8.O-O Be7
9.Nd2 Bd7 10.Nc4 f6 11.f4 b5 12.Ne3 Rb8 13.Nf5 Bxf5 14.Bxc6+ Bd7 15.Bxd7+ Qxd7
16.fxe5 Qd4+ 17.Kg2 Qxe5 18.Bf4 Qe6 19.Bxc7 Qc6+ 20.Nd5 Qxd5+ 21.e4 Qb7 22.Bxb8 Qxb8
23.Qb3 h5 24.a4 b4 25.Qe6 Qd6 26.Qc8+ Bd8 27.Rac1 Qxd3 28.Rfd1 Qxe4+ 29.Kf2  1-0

[Event "Luzern ol (Men)"]
[Site "Luzern"]
[Date "1982.??.??"]
[Round "3"]
[White "Hoelzl, Franz"]
[Black "Suba, Mihai"]
[Result "1/2-1/2"]
[WhiteElo "2355"]
[BlackElo "2525"]

1.c4 Nf6 2.Nc3 c5 3.Nf3 e6 4.g3 b6 5.Bg2 Bb7 6.O-O Be7 7.d4 cxd4 8.Qxd4 d6
9.Rd1 a6 10.b3 Nbd7 11.Qe3 Qc7 12.Nd4 Bxg2 13.Kxg2 Ne5 14.f4 Qb7+ 15.Kg1 Nc6
16.Qf3 Rc8 17.Be3 O-O 18.Rac1 Rc7 19.Nxc6 Rxc6 20.a4 Rfc8 21.Bd4 Nd7 22.Kf2 Nc5
23.Rb1 R6c7 24.Qxb7 Rxb7 25.e4 Nd7 26.Rd3 Nb8 27.e5 dxe5 28.Bxe5 Nd7 29.Bd6 Nc5
30.Bxc5 bxc5 31.Ne4 Rcb8 32.Ke2 Kf8 33.Kd1 Ke8 34.Nd6+ Bxd6 35.Rxd6 Rd7 36.Rxd7 Kxd7
37.a5 h6 38.Kc2 g5 39.Kc3 Ke7 40.Rd1 Rb7  1/2-1/2

[Event "Luzern ol (Men)"]
[Site "Luzern"]
[Date "1982.??.??"]
[Round "4"]
[White "Smejkal, Jan"]
[Black "Schussler, Harry"]
[Result "1-0"]
[WhiteElo "2565"]
[BlackElo "2495"]

1.Nf3 Nf6 2.c4 e6 3.Nc3 c5 4.g3 d5 5.cxd5 Nxd5 6.Bg2 Nc6 7.O-O Be7 8.d4 O-O
9.Nxd5 exd5 10.dxc5 Bxc5 11.b3 Bf5 12.Bb2 Be4 13.Rc1 Qe7 14.Qd2 Bb6 15.Rfd1 Rfe8
16.e3 Rad8 17.Ba1 f6 18.Qe2 a6 19.Nd4 Bxd4 20.Bxd4 Qe6 21.Rd2 Rc8 22.Rcd1 Ne7
23.Bb2 Bxg2 24.Kxg2 b5 25.Rd4 Qc6 26.Ba3 Nf5 27.Rxd5 Ne7 28.Bxe7 Rxe7 29.Qf3 Qc7
30.Rd6 Qa7 31.Rd8+ Re8 32.R8d7 Qc5 33.R1d6 a5  1-0